German Historical Names of Cities - Statistics

General Stats
  • This quiz has been taken 71 times
  • The average score is 12 of 25
Answer Stats
German name English name % Correct
Prag Prague
100%
Krakau Krakow
90%
Danzig Gdansk
88%
Moskau Moscow
87%
Königsberg Kaliningrad
83%
Venedig Venice
80%
Genf Geneva
72%
Posen Poznan
68%
Pressburg Bratislava
62%
Mailand Milan
58%
Brünn Brno
57%
Lemberg Lviv
57%
Laibach Ljubljana
50%
Stettin Szczecin
47%
Bozen Bolzano
42%
Memel Klaipeda
40%
Agram Zagreb
30%
Antorf Antwerp
25%
Klausenburg Cluj-Napoca
25%
Dinaburg Daugavpils
15%
Raab Győr
15%
Pleskau Pskov
15%
Derpt Tartu
15%
Garten Grodno
5%
Fünfkirchen Miskolc
2%
No matching quizzes found
Score Distribution
Percent of People with Each Score
Percentile by Number Answered
Your Score History
You have not taken this quiz